Elementos de ciencias de la naturaleza. Segundo curso

Saved in:
Bibliographic Details
Main Author: Ediciones Bruño Autor institucional
Format: Unknown
Language:Spanish
Published: Madrid Bruño s.f.
Textbook Catalogue:MANES:  Library Catalog Search Result
Textbook Classification:
Tags: Add Tag
No Tags, Be the first to tag this record!
Added to:2016-04-26
Changed in:2024-03-21

MARC

LEADER 000000000a22000000004500
001 00497
003 OSt
005 20240321122055.0
008 160427s sp ||||| |||| 00| 0 spa d
040 |c centro_manes 
041 1 |a spa 
100 |9 34  |a Ediciones Bruño  |b Autor institucional 
245 0 0 |a Elementos de ciencias de la naturaleza.   |b Segundo curso 
260 3 |a Madrid  |b Bruño  |c s.f. 
300 |a 265 p.  |c 18 x 12 cm 
500 |a Cartón. Ilustraciones. En cubierta y en el centro de la contracubierta consta "Editorial Bruño". 
546 |a España 
690 7 |a CN 
691 0 |a SE 
942 |2 ddc  |c BK 
999 |c 6471  |d 6471 
999 |c manes:6471  |d 6471